Sistemas de comunicación
Guardat en:
| Autor principal: | |
|---|---|
| Format: | Llibre |
| Idioma: | espanyol |
| Publicat: |
Ciudad de México
McGraw-Hill
1980
|
| Matèries: | |
| Etiquetes: |
Afegir etiqueta
Sense etiquetes, Sigues el primer a etiquetar aquest registre!
|
MARC
| LEADER | 00000nam a2200000 a 4500 | ||
|---|---|---|---|
| 001 | UCV4498 | ||
| 003 | CL-VaPUC | ||
| 008 | 930825e19800000MX |||||||||||||||||spa|d | ||
| 082 | 0 | 4 | |a 621.382 |b CAR |2 21 |
| 100 | 0 | |a Carlson, A. Bruce |e author |9 298744 | |
| 245 | 1 | 0 | |a Sistemas de comunicación |
| 300 | |a 507 p | ||
| 942 | |c BK | ||
| 945 | |d 19930825 00:00:00 | ||
| 260 | |a Ciudad de México |b McGraw-Hill |c 1980 | ||
| 650 | 0 | |a Telecomunicaciones |9 257195 | |
| 650 | 0 | |a Teoría de la información |9 260744 | |
| 650 | 7 | |a TEORIA DE LAS SEÑALES |2 CL-VaPUC |9 260745 | |
| 583 | |a last modification |c 20160104 00:44:07 |k Rodrigo Vera | ||
| 999 | |c 211300 |d 211298 | ||
| 952 | |0 0 |1 0 |4 0 |6 621_382000000000000_CAR_1980 |7 0 |8 A |9 190132 |a BIBING |b BIBING |d 2019-11-14 |i 2578255 |o 621.382 CAR 1980 |p 2578255 |r 2025-01-20 |w 2019-11-14 |y BK |k ING | ||
| 952 | |0 0 |1 0 |4 0 |6 621_382000000000000_CAR_1980 |7 0 |8 A |9 190133 |a BIBING |b BIBING |d 2019-11-14 |i 2578263 |o 621.382 CAR 1980 |p 2578263 |r 2025-01-20 |w 2019-11-14 |y BK |k ING | ||